| 000 | 00457nam a2200145 i 4500 | ||
|---|---|---|---|
| 001 | 34976 | ||
| 003 | ES-MaACL | ||
| 007 | t| | ||
| 008 | 030211s1941 mx ||||1| spa d | ||
| 100 | 1 |
_aBotella Asensi, Juan. _930753 |
|
| 245 | 1 | 3 |
_aLa expropiación en el derecho mexicano _b: el paso del petróleo / _cJuan Botella Asensi. |
| 260 |
_aMéxico : _bModerna, _c1941 ( _fGráfs. A. Serdán) |
||
| 300 |
_a216 p. ; _c23 cm. |
||
| 852 |
_aES-MaACL _jE-1812 _bR.22786 |
||
| 999 |
_c34976 _d34976 |
||